[Event "12th ch-Euro Seniors"]
[Site "Kaunas LTU"]
[Date "2012.08.23"]
[Round "6.18"]
[White "Tchetchelnitski,B"]
[Black "Batakovs,O"]
[Result "0-1"]
[WhiteElo "2195"]
[BlackElo "2115"]

1.d4 Nf6 2.Bg5 g6 3.Bxf6 exf6 4.e3 c6 5.Nd2 d5 6.Bd3 Bg7 7.Ne2 O-O 8.c4 Be6
9.Nf4 Nd7 10.h4 Re8 11.cxd5 Bxd5 12.Nxd5 cxd5 13.Qf3 Qa5 14.a3 f5 15.b4 Qb6
16.Kf1 Nf6 17.h5 Rac8 18.hxg6 fxg6 19.Qd1 f4 20.Rh3 fxe3 21.fxe3 Rc3 22.Nb3 Rc7
23.Qe2 Qd6 24.Rc1 Rxc1+ 25.Nxc1 Rc8 26.Qd2 Ng4 27.Be2 Qf6+ 28.Ke1 Qf2+ 29.Kd1 Qg1+  0-1

[Event "2nd Isthmia Open A"]
[Site "Korinthia GRE"]
[Date "2012.08.23"]
[Round "7.15"]
[White "Kokkalis,V"]
[Black "Perunovic,Mio"]
[Result "0-1"]
[WhiteElo "2072"]
[BlackElo "2461"]

1.d4 Nf6 2.Bg5 d5 3.Bxf6 exf6 4.e3 Bd6 5.Nd2 c6 6.g3 f5 7.Bg2 Nd7 8.Ne2 Nf6
9.O-O h5 10.c4 h4 11.cxd5 Nxd5 12.e4 fxe4 13.Nxe4 hxg3 14.hxg3 Be7 15.Qb3 Nb6
16.Nc5 Qd6 17.Rfe1 g5 18.Nc3 Kf8 19.Qd1 Nd7 20.N3e4 Qh6 21.Qf3 Nf6 22.Nxf6 Bxf6
23.d5 cxd5 24.Qxd5 Kg7 25.Ne4 Be6 26.Qd3 Rad8 27.Qe2 Qh2+ 28.Kf1 Bh3 29.Qf3 Bxb2
30.Nxg5 Qh1+ 31.Ke2 Rhe8+ 32.Qe4 Qxg2  0-1

[Event "2nd Isthmia Open A"]
[Site "Korinthia GRE"]
[Date "2012.08.23"]
[Round "7.24"]
[White "Zografos,A"]
[Black "Fragkou,E"]
[Result "0-1"]
[WhiteElo "2130"]
[BlackElo "1931"]

1.d4 Nf6 2.Bg5 g6 3.Bxf6 exf6 4.e3 Bg7 5.Bd3 f5 6.c3 O-O 7.Qf3 d5 8.Ne2 c6
9.Nd2 Nd7 10.Nf4 Nf6 11.O-O Ne4 12.Rfd1 Re8 13.Qe2 Bh6 14.Qf1 Qd6 15.Ne2 Nxf2
16.Kxf2 Bxe3+ 17.Ke1 c5 18.dxc5 Qxh2 19.Rdb1 Bxc5 20.Kd1 Re3 21.Kc2 Bd7 22.Nf3 Qc7
23.Ned4 Rae8 24.Re1 Ba4+ 25.b3 Bb4 26.Rxe3 Qxc3+ 27.Kb1 Ba3 28.Re2 Rxe2  0-1

[Event "32nd Bratto Masters"]
[Site "Bratto ITA"]
[Date "2012.08.24"]
[Round "7.7"]
[White "Drazic,S"]
[Black "Welling,G"]
[Result "1/2-1/2"]
[WhiteElo "2516"]
[BlackElo "2330"]

1.d4 d5 2.Bg5 Nf6 3.Nd2 e6 4.e3 c5 5.Ngf3 Nbd7 6.c4 Be7 7.cxd5 Nxd5 8.Bxe7 Qxe7
9.Rc1 O-O 10.Bd3 cxd4 11.Nxd4 N7f6 12.O-O e5 13.Nf5 Bxf5 14.Bxf5 Rfd8 15.Qb3 g6
16.Bh3 Qb4 17.Nc4 Qxb3 18.axb3 e4 19.Na5 Rab8 20.Rc4 Nb6 21.Rc5 Rd2 22.Rb1 Nbd5
23.Rc4 b5 24.Rc6 Kg7 25.Ra6 Nb4 26.Rxa7 Rb6 27.f3 Rbd6 28.Rb7 Rd1+ 29.Rxd1 Rxd1+
30.Kf2 Rd2+ 31.Kf1 Nfd5 32.fxe4 Nxe3+ 33.Ke1 Rxb2 34.Rd7 Nxg2+ 35.Bxg2 Rxg2
36.Rb7 Rxh2 37.Rxb5 Nd3+ 38.Kf1 h5 39.Nc4 h4 40.Rd5 Nf4 41.Rd2 Rh1+ 42.Kf2 Rb1
43.Kf3 Ne6 44.Nb2 Ng5+ 45.Kf4 f6 46.b4 Rf1+ 47.Kg4 Rg1+ 48.Kf4 Ne6+ 49.Kf3 Rg3+
50.Kf2 Nf4 51.Nc4 Nd3+ 52.Ke2 Nxb4 53.Rd7+ Kh6 54.e5 fxe5 55.Nxe5 Na2 56.Kf2 Nc3
57.Rd4 g5 58.Nf3 Kh5 59.Ne5 Rh3 60.Rc4 Rh2+ 61.Kf3 Nd5 62.Rc8 g4+ 63.Nxg4 Rh3+
64.Ke4 Nc3+ 65.Kf4 Ne2+ 66.Kf5 Rf3+ 67.Ke4 Rf4+ 68.Ke3  1/2-1/2

[Event "12th ch-Euro Seniors"]
[Site "Kaunas LTU"]
[Date "2012.08.24"]
[Round "7.6"]
[White "Kaunas,K"]
[Black "Berkovich,M"]
[Result "1/2-1/2"]
[WhiteElo "2255"]
[BlackElo "2366"]

1.d4 Nf6 2.Bg5 d5 3.Bxf6 exf6 4.e3 Bd6 5.c4 dxc4 6.Bxc4 O-O 7.Nc3 Nd7 8.Nge2 f5
9.O-O c6 10.Nf4 Nb6 11.Bb3 Bxf4 12.exf4 Qd6 13.g3 Be6 14.Bxe6 Qxe6 15.Re1 Qd6
16.Qc2 Qxd4 17.Qxf5 Rae8 18.Re5 f6 19.Re4 Rxe4 20.Qxe4 Qxe4 21.Nxe4 Nd5 22.Nd6 Rb8
23.Kg2 Kf8 24.Re1 b6 25.Nf5 c5 26.Rd1 Ne7 27.Ne3 Ke8 28.f5 Rd8 29.Rxd8+ Kxd8
30.Kf3 Kd7 31.Ke4 Kd6 32.g4 b5 33.f4 c4 34.g5 Kc5 35.h4 Nc8 36.h5 Nd6+ 37.Kf3 h6
38.gxh6 gxh6 39.Ng4 Nxf5 40.Nxf6 Kd4 41.Ke2 b4 42.Kd2 c3+ 43.bxc3+ bxc3+
44.Kc1 Kd3 45.Nd7 Nd4 46.Ne5+ Ke4 47.Nf7 Ke3 48.a3 a6 49.f5 Nxf5 50.Ne5 Kd4
51.Nc6+ Kc4 52.Na5+ Kb5 53.Nb3 Kc4 54.Na5+ Kb5 55.Nb3 Ne3 56.Nd4+ Ka4 57.Nc2 Nxc2
58.Kxc2 Kxa3 59.Kxc3 Ka4 60.Kc4 Ka5 61.Kc5 Ka4 62.Kc4 a5 63.Kc3 Ka3 64.Kc4 Ka4
65.Kc3 Ka3 66.Kc4 Ka4 67.Kc3 Kb5 68.Kb3 a4+ 69.Ka3 Ka5 70.Kb2 Kb4 71.Ka2 Kc4
72.Ka3 Kd4 73.Kxa4 Ke4 74.Kb4 Kf4 75.Kc4 Kg4 76.Kd3  1/2-1/2

[Event "14th Sants Open A Tie-Breaks"]
[Site "Barcelona ESP"]
[Date "2012.08.26"]
[Round "3.2"]
[White "Cordova,E"]
[Black "Spraggett,K"]
[Result "1-0"]
[WhiteElo "2572"]
[BlackElo "2595"]

1.d4 Nf6 2.Bg5 d5 3.e3 Ne4 4.Bf4 c5 5.Bd3 Nf6 6.c3 Qb6 7.Qc1 Nc6 8.Nd2 Bd7
9.Ngf3 Rc8 10.Qb1 g6 11.O-O Bg7 12.h3 O-O 13.a3 a5 14.Rc1 Be6 15.dxc5 Qxc5
16.b4 Qb6 17.Nb3 Ne4 18.Bxe4 dxe4 19.Nfd4 Bd5 20.Bg3 axb4 21.axb4 Rfd8 22.Nc5 Nxd4
23.cxd4 f5 24.Qb2 Qb5 25.Na4 Bc4 26.Nc3 Qb6 27.Ra5 h5 28.Be5 Bf8 29.Na4 Qe6
30.Nc5 Qd5 31.Na4 Qe6 32.Nc5 Qd5 33.Ra7 b5 34.Rca1 Ra8 35.R1a6 Rxa7 36.Rxa7 Ra8
37.Qa3 Rxa7 38.Qxa7 Kf7 39.Qb6 Qa8 40.Kh2 Qa2 41.Bg3 Qa8 42.Nd7 Bg7 43.Be5 Bh6
44.Bf4 Bg7 45.Ne5+ Bxe5 46.Bxe5 Qc8 47.Qa7 Be6 48.Kg3 g5 49.h4 gxh4+ 50.Kxh4 Qg8
51.Kh3 f4+ 52.Kh2 f3 53.Bg3 fxg2 54.Qc7 h4 55.Qf4+ Ke8 56.Qxh4 Qg4 57.Qh8+ Kf7
58.Kxg2 Qf3+ 59.Kh2 Qg4 60.Qe5 Qh3+ 61.Kg1 Qg4 62.Qxb5 Qf3 63.Qf1 Qh5 64.Qg2 Qd1+
65.Qf1 Qh5 66.Qb1 Bg4 67.Qxe4 Bf3 68.Qf4+ Ke8 69.Qh4 Qf5 70.Kh2 Qb1 71.Be5 Qh1+
72.Kg3 Qg2+ 73.Kf4  1-0

[Event "37th Trade Fair Open A"]
[Site "Brno CZE"]
[Date "2012.08.27"]
[Round "3"]
[White "Roubalik,J"]
[Black "Svizensky,Lubos"]
[Result "1-0"]
[WhiteElo "2319"]
[BlackElo "1893"]

1.d4 Nf6 2.Bg5 c5 3.d5 d6 4.Nc3 Nbd7 5.e4 g6 6.Nf3 Bg7 7.Be2 O-O 8.O-O Rb8
9.a4 b6 10.Nd2 a6 11.h3 Ne8 12.Nc4 Ne5 13.Na3 f5 14.exf5 Rxf5 15.f4 Nd7 16.Bd3 Rf8
17.Qe2 Bd4+ 18.Kh1 Ndf6 19.Bxa6 Bxa6 20.Qxa6 Bxc3 21.bxc3 Ne4 22.Bh4 N8f6
23.Qd3 Qd7 24.Nb5 c4 25.Qd4 Rfc8 26.Rae1 Ra8 27.Rxe4 Nxe4 28.Qxe4 Rxa4 29.Nd4 Rca8
30.Kh2 Ra1 31.Rxa1 Rxa1 32.Nc6 Kf7 33.Nxe7 Ra8 34.f5 gxf5 35.Qxf5+ Qxf5 36.Nxf5 Ra5
37.Nxd6+ Kf8 38.Nxc4 Rxd5 39.Nxb6 Rc5 40.Nd7+  1-0

[Event "40th Olympiad Open"]
[Site "Istanbul TUR"]
[Date "2012.08.28"]
[Round "1.65"]
[White "Labeckas,K"]
[Black "Thompson,E"]
[Result "1-0"]
[WhiteElo "2378"]
[BlackElo "1834"]

1.d4 Nf6 2.Bg5 g6 3.Bxf6 exf6 4.e3 d5 5.Bd3 Bg7 6.Ne2 O-O 7.Nf4 Nc6 8.c3 Ne7
9.Qf3 c6 10.Nd2 Nf5 11.h4 h5 12.Nxh5 Nd6 13.Nf4 f5 14.h5 g5 15.h6 Bf6 16.Nh5 Be7
17.O-O-O c5 18.dxc5  1-0

[Event "40th Olympiad Open"]
[Site "Istanbul TUR"]
[Date "2012.08.28"]
[Round "1.62"]
[White "Fernandes,Ant"]
[Black "Croes,O"]
[Result "1-0"]
[WhiteElo "2395"]
[BlackElo "1915"]

1.d4 Nf6 2.Bg5 d5 3.Bxf6 exf6 4.e3 Bd6 5.c4 c6 6.cxd5 cxd5 7.Qb3 O-O 8.Nc3 Nc6
9.Qxd5 Be6 10.Qb5 Re8 11.Nf3 Bg4 12.Be2 Bxf3 13.gxf3 Qc8 14.h4 Bb4 15.Rc1 a6
16.Qd5 Qc7 17.Kf1 Rad8 18.Qf5 Ne7 19.Qb1 Qa5 20.a3 Bxc3 21.Rxc3 Rc8 22.Qc2 Qd5
23.Rc5 Qd6 24.Bc4 b6 25.Rxc8 Rxc8 26.Qb3 Qc6 27.Bxf7+ Kf8 28.Kg2 f5 29.Be6 Rd8
30.Rd1 Qd6 31.d5 Ng6 32.Qc4 f4 33.Qe4 Qe7 34.d6 Qxh4 35.Rd5  1-0

[Event "40th Olympiad Women"]
[Site "Istanbul TUR"]
[Date "2012.08.28"]
[Round "1.25"]
[White "Pacheco,H"]
[Black "Mamedjarova,T"]
[Result "0-1"]
[WhiteElo "1820"]
[BlackElo "2245"]

1.d4 Nf6 2.Bg5 d5 3.Bxf6 exf6 4.e3 Bd6 5.c4 dxc4 6.Bxc4 O-O 7.Nf3 c5 8.O-O cxd4
9.Nxd4 Bxh2+ 10.Kxh2 Qc7+ 11.g3 Qxc4 12.Na3 Qb4 13.Qc2 Na6 14.Rfc1 Bd7 15.Kg2 Rac8
16.Qd3 Qd6 17.Nc4 Bc6+ 18.f3 Qd7 19.Rh1 h6 20.Rh5 Rfd8 21.Rah1 Qg4 22.Rxh6 gxh6
23.Rxh6 Qxf3+  0-1

[Event "40th Olympiad Women"]
[Site "Istanbul TUR"]
[Date "2012.08.29"]
[Round "2.36"]
[White "Nunez Gonzalez,Neeshmy"]
[Black "Matoussi,Ami"]
[Result "1-0"]
[WhiteElo "1828"]
[BlackElo "1789"]

1.d4 d5 2.Bg5 Nf6 3.Nf3 e6 4.e3 Nbd7 5.Bd3 Be7 6.Nbd2 O-O 7.O-O c5 8.c3 b6
9.Ne5 Bb7 10.f4 cxd4 11.exd4 Ne4 12.Bxe7 Qxe7 13.Nxd7 Qxd7 14.Qe2 Nd6 15.Rf3 g6
16.Rh3 f6 17.Qg4 Rae8 18.Rg3 Ne4 19.Nxe4 dxe4 20.Bc4 f5 21.Qg5 b5 22.Be2 Rf7
23.h4 b4 24.h5 bxc3 25.bxc3 Rg7 26.Qh6 gxh5 27.Bb5 Rxg3 28.Bxd7  1-0

[Event "40th Olympiad Open"]
[Site "Istanbul TUR"]
[Date "2012.08.29"]
[Round "2.37"]
[White "Mehmeti,D"]
[Black "Sutovsky,E"]
[Result "0-1"]
[WhiteElo "2437"]
[BlackElo "2687"]

1.d4 Nf6 2.Bg5 c5 3.d5 Ne4 4.Bf4 Qb6 5.Bc1 e6 6.f3 Qa5+ 7.c3 Nf6 8.e4 d6
9.Bd2 Be7 10.c4 Qc7 11.Nc3 O-O 12.Bd3 exd5 13.exd5 Nbd7 14.Nge2 Ne5 15.Qc2 Nxd3+
16.Qxd3 Nd7 17.Bf4 Bh4+ 18.g3 Bf6 19.Nb5 Qd8 20.Bxd6 a6 21.Bc7 Qe8 22.Nc3 Be5
23.d6 Bd4 24.f4 Bxc3+ 25.bxc3 Nf6 26.O-O Bh3 27.Rf2 Qc6 28.f5 g6 29.fxg6 fxg6
30.Nf4 Bf5 31.Qf3 Be4 32.Qe2 Rae8 33.Re1 g5 34.Nh5 Nxh5 35.Rxf8+ Kxf8 36.Qxh5 Bg6
37.Rf1+ Kg8 38.Qxg5 Qd7 39.Qxc5 h6 40.Qd5+ Kh7 41.Bb6 Re6 42.Bd4 Bd3 43.Rf4 Re1+
44.Kg2 Bg6 45.Qc5 Re2+ 46.Kf3 Re6 47.Be5 Be8 48.Qc7 Kg8 49.Qxd7 Bxd7 50.Ke4 Rg6
51.Kd4 Rg5 52.Rf2 Bc6 53.Bf4 Rh5 54.h4 Rf5 55.Re2 h5 56.Re7 Rf7 57.Re5 Bf3
58.Re8+ Kg7 59.Be5+ Kg6 60.Bf4 Bc6 61.Re5 Rf5 62.Re7 Rf7 63.Rc7 Kf6 64.Rxc6 bxc6
65.Kc5 Rf8 66.Kxc6 Ke6 67.c5 Rc8+ 68.Kb6 Kd7 69.Be3 Rb8+ 70.Kxa6 Kc6 71.Ka5 Rb2
72.a4 Rb8 73.Bd4 Rb1 74.Ka6 Rb8 75.Ka7 Rb7+ 76.Ka8 Rb1 77.a5 Ra1 78.Kb8 Rxa5
79.Be3 Ra3 80.Bd4 Ra5 81.g4 hxg4 82.h5 Rb5+ 83.Kc8 Rb7 84.h6 g3 85.Kd8 g2
86.Ke8 Rh7 87.c4 Rh8+ 88.Bxh8 g1=Q 89.Bg7 Qg6+ 90.Ke7 Qe4+ 91.Kf7 Kd7 92.Bf6 Qe8+
93.Kg7 Ke6 94.Be7 Qf7+ 95.Kh8 Ke5  0-1

[Event "40th Olympiad Women"]
[Site "Istanbul TUR"]
[Date "2012.08.30"]
[Round "3.41"]
[White "Corke,A"]
[Black "Samaganova,A"]
[Result "1/2-1/2"]
[WhiteElo "2254"]
[BlackElo "2057"]

1.d4 Nf6 2.Bg5 c5 3.Bxf6 gxf6 4.d5 d6 5.c4 Nd7 6.Nc3 Bg7 7.e3 Ne5 8.Be2 f5
9.Nh3 Ng6 10.Qc2 Bd7 11.Nf4 Qc8 12.h4 Bf6 13.g3 Rg8 14.Nd3 Rb8 15.a4 a6 16.h5 Ne5
17.Nf4 h6 18.Kf1 Ng4 19.Qd2 Be5 20.f3 Nf6 21.Kf2 Bxc3 22.bxc3 b5 23.cxb5 axb5
24.axb5 Bxb5 25.c4 Bd7 26.Qc3 Kf8 27.Bd3 Rg5 28.Rab1 Kg8 29.Rb2 Rb7 30.Kg2 Qa8
31.Rhb1 Rxb2+ 32.Qxb2 Kh7 33.g4 Qg8 34.Kf2 Kh8 35.gxf5 Bxf5 36.e4 Bh7 37.Ke3 Re5
38.Ne2 Rxh5 39.Rg1 Rg5 40.Rh1 h5 41.Nf4 Qg7 42.Qb8+ Qg8 43.Qb2 Qg7 44.Qb8+ Qg8
45.Qb2 Qg7 46.Qb8+  1/2-1/2

[Event "40th Olympiad Women"]
[Site "Istanbul TUR"]
[Date "2012.08.30"]
[Round "3.29"]
[White "Nasriddinzoda,M"]
[Black "Khademalsharieh,S"]
[Result "0-1"]
[WhiteElo "2023"]
[BlackElo "2270"]

1.d4 Nf6 2.Bg5 c5 3.d5 Qb6 4.Nc3 Qxb2 5.Bd2 Qb6 6.e4 d6 7.Rb1 Qd8 8.f4 g6
9.Nf3 Bg7 10.Bb5+ Nfd7 11.a4 O-O 12.O-O Qc7 13.Kh1 Na6 14.h3 c4 15.Qe2 Nac5
16.Bxc4 Nb6 17.Nb5 Qd8 18.a5 Nxc4 19.Qxc4 a6 20.Na3 Bd7 21.Qe2 e6 22.dxe6 Bxe6
23.Bb4 Qc7 24.Rfd1 Rfe8 25.c4 Bf5 26.e5 dxe5 27.Rbc1 exf4 28.Qf2 Nd3 29.Rxd3 Bxd3
30.Qd2 Rad8  0-1

[Event "40th Olympiad Women"]
[Site "Istanbul TUR"]
[Date "2012.08.31"]
[Round "4.4"]
[White "Amura,C"]
[Black "Milliet,S"]
[Result "0-1"]
[WhiteElo "2351"]
[BlackElo "2411"]

1.d4 Nf6 2.Bg5 d5 3.Bxf6 exf6 4.e3 Bd6 5.c4 dxc4 6.Bxc4 c6 7.Nc3 Nd7 8.Qf3 f5
9.g4 Nb6 10.Bb3 Qf6 11.gxf5 Qxf5 12.O-O-O Qxf3 13.Nxf3 Bg4 14.Ne4 Bxf3 15.Nxd6+ Ke7
16.Nxb7 Bxh1 17.Rxh1 a5 18.Nc5 Nd7 19.Nxd7 Kxd7 20.Rg1 g6 21.Rd1 a4 22.Bc2 a3
23.Rd2 axb2+ 24.Kxb2 Ra5 25.e4 Rb8+ 26.Bb3 Rh5 27.f3 Rh3 28.Rf2 c5 29.Kc3 cxd4+
30.Kxd4 f6 31.Ke3 Rh5 32.Kf4 Rc5 33.Rd2+ Ke7 34.Rd4 Rbc8 35.Kg3 Rc3 36.Kf2 R8c7
37.Rd2 Rc1 38.f4 R1c5 39.Re2 Rb7 40.Re3 Rb4 41.Kg3 Rc1 42.f5 Kd6 43.e5+ fxe5
44.f6 Rf1 45.f7 e4 46.Re1 Rf3+ 47.Kg4 Ke5 48.Rd1 Rbxb3 49.axb3 Rxf7 50.Rd8 e3
51.b4 Ke4 52.b5 e2 53.Re8+ Kd3 54.b6 Kd2 55.Rd8+ Ke3  0-1

[Event "40th Olympiad Open"]
[Site "Istanbul TUR"]
[Date "2012.08.31"]
[Round "4.60"]
[White "Ahmed,Fu"]
[Black "Fonseca Cabrera,E"]
[Result "0-1"]
[WhiteElo "1830"]
[BlackElo "2211"]

1.d4 Nf6 2.Bg5 c5 3.Bxf6 gxf6 4.d5 Qb6 5.Qc1 Bg7 6.e3 f5 7.c3 d6 8.Nd2 O-O
9.h4 e5 10.h5 h6 11.Ngf3 Nd7 12.Nc4 Qc7 13.Qc2 Nf6 14.Rd1 b5 15.Ncxe5 dxe5
16.d6 Qb6 17.Nxe5 Ne4 18.Nf3 Rd8 19.g4 Rxd6 20.Rxd6 Nxd6 21.g5 Ne4 22.gxh6 Bxh6
23.Rg1+ Kf8 24.Bd3 Qe6 25.Bxe4 Qxe4 26.Qd2 Ke7 27.Qd1 Be6 28.Nd2 Qd3 29.Qf3 Rd8
30.Qe2 Qc2 31.f4 Qc1+ 32.Qd1 Qxb2 33.Rg2 Qxc3 34.Qe2 Bc4  0-1

[Event "XVI BCC Open"]
[Site "Cesenatico ITA"]
[Date "2012.09.01"]
[Round "1"]
[White "Brunner,W"]
[Black "Valsecchi,A"]
[Result "1/2-1/2"]
[WhiteElo "2110"]
[BlackElo "2427"]

1.d4 Nf6 2.Bg5 c5 3.d5 Qb6 4.Nc3 Qxb2 5.Bd2 Qb6 6.e4 d6 7.Rb1 Qd8 8.f4 a6
9.a4 g6 10.Nf3 Bg7 11.Bc4 O-O 12.O-O Ne8 13.e5 e6 14.Re1 dxe5 15.fxe5 exd5
16.Nxd5 Bg4 17.Rxb7 Nc6 18.Bc3 Kh8 19.h3 Be6 20.Qd2 Nd4 21.Nxd4 cxd4 22.Qxd4 Rc8
23.Rd1 Bh6 24.Bb4 Rg8 25.Be7 Qa5 26.Bb3 Ng7 27.Bb4 Qd8 28.Be7 Qa5  1/2-1/2

[Event "14th Trieste Open A"]
[Site "Trieste ITA"]
[Date "2012.09.01"]
[Round "1"]
[White "Egartner,W"]
[Black "Banusz,T"]
[Result "0-1"]
[WhiteElo "2132"]
[BlackElo "2583"]

1.d4 Nf6 2.Bg5 d5 3.Bxf6 gxf6 4.e3 c5 5.c4 cxd4 6.Qxd4 Be6 7.cxd5 Qxd5 8.Qxd5 Bxd5
9.Nc3 Bc6 10.Bb5 e6 11.Nf3 a6 12.Bxc6+ Nxc6 13.Ke2 f5 14.Rac1 Bd6 15.Na4 Ke7
16.Rhd1 Rac8 17.Nb6 Rcd8 18.Nd4 Nxd4+ 19.Rxd4 Be5 20.Rxd8 Rxd8 21.f4 Bxb2
22.Rc7+ Kd6 23.Rxf7 Kc6 24.Nc4 Bc3 25.Rxh7 b5 26.Ne5+ Bxe5 27.fxe5 Rd5 28.h4 Rxe5
29.g3 Re4 30.h5 Ra4 31.h6 Rxa2+ 32.Kd3 Kd5 33.Rd7+ Ke5 34.h7 Rh2 35.Ra7 Rh3
36.Rxa6 Rxh7 37.Rb6 Rd7+ 38.Ke2 Rd5 39.Kf3 Rc5 40.g4 fxg4+ 41.Kxg4 Kd5 42.Kf3 e5
43.Ke2 Kc4 44.Kd2 Kb3 45.e4 b4 46.Rd6 Rc2+ 47.Kd3 Rc3+ 48.Kd2 Kc4 49.Rd8 Rh3
50.Rd5 b3 51.Rxe5 Rh1 52.Re8 b2 53.Ke3 Rh3+  0-1

[Event "19th Graz Open 2012"]
[Site "Graz AUT"]
[Date "2012.09.02"]
[Round "9.11"]
[White "Spelec,D"]
[Black "Wegerer,F"]
[Result "0-1"]
[WhiteElo "2012"]
[BlackElo "2194"]

1.d4 Nf6 2.Bg5 d5 3.Bxf6 exf6 4.e3 Bd6 5.g3 O-O 6.Nd2 Re8 7.Bg2 c6 8.Ne2 Qb6
9.b3 Bg4 10.O-O Bxe2 11.Qxe2 Qxd4 12.c4 dxc4 13.Nxc4 Qc5 14.Rfd1 Bc7 15.Rac1 Qe7
16.Bh3 g6 17.Rd3 f5 18.Rcd1 a5 19.Nd6 Bxd6 20.Rxd6 Qe5 21.Qc4 Na6 22.Bg2 Nc5
23.Qh4 Kg7 24.Bf1 Re6 25.R6d2 Qe4 26.Qh3 Re7 27.Rd4 Qe5 28.Rh4 h5 29.Rhd4 Rae8
30.Be2 Ne4 31.Bc4 b5 32.Bf1 Nc3 33.R1d2 a4 34.bxa4 Nxa4 35.Qg2 Re6 36.Rc2 Rc8
37.Be2 Nb6 38.Qf1 c5 39.Rdd2 c4 40.Qd1 Rc5 41.Bf3 Na4 42.Rd4 Re7 43.h3 Qf6
44.Kh2 Rce5 45.Rd8 Nc5 46.Bxh5 gxh5 47.Qxh5 Re8 48.Rd4 Ne4 49.Qd1 Rh8 50.f3 Qh6
51.h4 Nf6 52.Rf4 Nd5 53.Qd4 Qf6 54.Rg2 Nxe3 55.Re2 Nf1+  0-1

[Event "11th Kesarovski-Stanchev Mem"]
[Site "Sunny Beach BUL"]
[Date "2012.09.02"]
[Round "2.62"]
[White "Dimitrova,Gergana"]
[Black "Malinovsky,P"]
[Result "0-1"]
[WhiteElo "1542"]
[BlackElo "1986"]

1.d4 Nf6 2.Bg5 d5 3.Bxf6 exf6 4.e3 Bd6 5.g3 c6 6.Nd2 Be6 7.Ne2 Qd7 8.Bg2 Na6
9.O-O h5 10.Nf4 h4 11.e4 Bxf4 12.gxf4 dxe4 13.Nxe4 O-O-O 14.c3 h3 15.Bf3 Rh4
16.Qd2 Qc7 17.Rad1 Qxf4 18.Qd3 Bf5 19.Rfe1 Nc5 20.Qe2 Bxe4 21.Bxe4 Nxe4 22.f3 Ng5
23.Rd3 Rhh8 24.Re3 f5 25.b4 Ne6 26.a4 Qg5+ 27.Kh1 Nf4 28.Qf2 Qg2+ 29.Qxg2 Nxg2  0-1

[Event "40th Olympiad Women"]
[Site "Istanbul TUR"]
[Date "2012.09.03"]
[Round "6.8"]
[White "Vahtra,T"]
[Black "Stojanovic,MarijaR"]
[Result "1-0"]
[WhiteElo "2014"]
[BlackElo "2097"]

1.d4 Nf6 2.Bg5 d5 3.Bxf6 exf6 4.e3 c6 5.c4 dxc4 6.Bxc4 Bd6 7.Qc2 g6 8.Nf3 Nd7
9.h4 h5 10.Nc3 Qe7 11.e4 Nb6 12.Bd3 Bd7 13.O-O-O O-O-O 14.Kb1 Kb8 15.Nd2 c5
16.d5 Be5 17.g3 g5 18.Ne2 g4 19.f4 gxf3 20.Nxf3 c4 21.Nxe5 fxe5 22.Bxc4 Rc8
23.d6 Qd8 24.b3 Be6 25.d7 Rc6 26.Qc3 f6 27.Bxe6 Rxc3 28.Nxc3 Qe7 29.Bf5 Nxd7
30.Rxd7 Qc5 31.Rd3 Rg8 32.Rhd1 a6 33.Rd8+ Rxd8 34.Rxd8+ Ka7 35.Rd3 Qg1+ 36.Kb2 Qf1
37.Rd2 Qe1 38.Rg2 Qf1 39.Re2 Qf3 40.Bg6 Qxg3 41.Bxh5 Qxh4 42.Bf7 Qg3 43.a4 Qg7
44.Bd5 Qg1 45.Be6 Qb6 46.Bc4 Qg1 47.Bd3 Qg3 48.Bc2 Kb6 49.Nd5+ Kc6 50.Rd2 Qg1
51.Rd3 Qf2 52.Ne7+ Kc7 53.Nf5 b5 54.Ne3 Kc6 55.axb5+ axb5 56.Nd5 Kc5 57.b4+ Kc6
58.Nc3 f5 59.Rd5 f4 60.Rxe5 Qd4 61.Rc5+ Kb6 62.Rxb5+ Kc7 63.Kb3 f3 64.Rf5 Qe3
65.Kc4 Kd6 66.Bd3 f2 67.b5 Ke6 68.Rf8 Qa7 69.b6 Qa6+ 70.Nb5 Ke7 71.Rxf2 Qxb6
72.Rf5 Qc6+ 73.Kd4 Qb6+ 74.Rc5 Qf6+ 75.Kc4 Qe6+ 76.Kb4 Qa2 77.Nc3 Qb2+ 78.Kc4 Qa3
79.Nd5+ Kd6 80.Rb5 Qa2+ 81.Kd4 Qa1+ 82.Nc3 Qa7+ 83.Kc4 Qc7+ 84.Kb4 Qg7 85.e5+ Qxe5
86.Rxe5 Kxe5 87.Kc4 Kd6 88.Kd4 Ke6 89.Bc4+ Kf5 90.Ne2 Kf6 91.Ke4 Ke7 92.Ke5 Kd7
93.Nd4 Ke7 94.Bb5 Kf7 95.Bd7 Kg6 96.Be6 Kg5 97.Bf5 Kh6 98.Kf6 Kh5 99.Nf3 Kh6
100.Bg4 Kh7 101.Ne5 Kg8 102.Bf5 Kf8 103.Ng6+ Ke8 104.Ke6 Kd8 105.Kd6 Ke8
106.Be6 Kd8 107.Bd5 Ke8 108.Kc6 Kd8 109.Bf7 Kc8 110.Ne7+ Kd8 111.Nd5 Kc8
112.Nc7 Kd8 113.Kd6 Kc8 114.Bd5 Kd8 115.Bc6 Kc8 116.Ne6 Kb8 117.Bd5 Ka7 118.Kc6 Ka6
119.Kc5 Ka5 120.Bb3 Ka6 121.Bd5 Ka5 122.Bc6 Ka6 123.Nd4 Ka5 124.Nb3+ Ka6
125.Bd5 Ka7 126.Kc6 Kb8 127.Be6 Ka7 128.Nc5 Kb8 129.Kb6 Ka8 130.Bf5  1-0

[Event "3rd Oliver Gonzalez Mem Open A"]
[Site "Madrid ESP"]
[Date "2012.09.03"]
[Round "3.15"]
[White "Martin Rueda,D"]
[Black "Silva Rodriguez,J"]
[Result "1/2-1/2"]
[WhiteElo "2297"]
[BlackElo "2102"]

1.d4 Nf6 2.Bg5 d5 3.Bxf6 exf6 4.e3 Bd6 5.g3 O-O 6.Bg2 c6 7.Nd2 Be6 8.Ne2 f5
9.b3 Nd7 10.O-O Nf6 11.c4 Ne4 12.c5 Bc7 13.f3 Nf6 14.Qc2 Re8 15.Nf4 Bd7 16.Rae1 Bxf4
17.exf4 Qa5 18.Re5 Qb4 19.Qd3 b6 20.Rc1 Be6 21.Ree1 Bd7 22.Re5 Be6 23.Ree1 Bd7  1/2-1/2

[Event "40th Olympiad Women"]
[Site "Istanbul TUR"]
[Date "2012.09.05"]
[Round "8.31"]
[White "Skytte,T"]
[Black "Hancu,O"]
[Result "0-1"]
[WhiteElo "1954"]
[BlackElo "1931"]

1.d4 d5 2.Bg5 Nf6 3.e3 Bg4 4.Be2 Bxe2 5.Qxe2 a6 6.Nf3 c5 7.O-O e6 8.Nbd2 cxd4
9.exd4 Nc6 10.c3 Be7 11.Rfe1 Rc8 12.a4 O-O 13.Qd3 Ne8 14.Bxe7 Qxe7 15.Re3 Nd6
16.Ne5 Na5 17.Rh3 h6 18.Re1 b5 19.axb5 axb5 20.Qg3 Nf5 21.Qd3 Nd6 22.Qg3 Nf5
23.Qg4 b4 24.Nd3 bxc3 25.bxc3 Qd6 26.Nc5 Rb8 27.Nf1 Nb3 28.Nd3 Rfc8 29.Nf4 Rc4
30.Nh5 g6 31.Rf3 Qe7 32.Nf4 Qh4 33.Qxh4 Nxh4 34.Rh3 Nf5 35.g4 Nd6 36.Ne2 Ne4
37.Rb1 Rb7 38.Rb2 Nxd4 39.Ra2 Nxe2+ 40.Rxe2 Nxc3 41.Rc2 Rxg4+ 42.Ng3 d4 43.Kg2 e5
44.Rxh6 Kg7 45.Rh3 Rb3 46.f3 Rf4 47.Rd2 Nb1 48.Rf2 d3 49.Ne4 Rb8 50.Rg3 Rd8
51.Nd2 Nxd2 52.Rxd2 f5 53.Kf2 Rh4 54.Rg2 Rh3 55.Ke3 Rd4 56.Rdf2 d2 57.Rxd2 f4+
58.Ke2 Rxd2+ 59.Kxd2 Rxf3 60.Ke2 Ra3 61.Rg1 Ra2+ 62.Kf3 Rxh2 63.Ke4 Re2+
64.Kf3 Re3+ 65.Kf2 Kf6 66.Ra1 g5  0-1

[Event "14th Trieste Open A"]
[Site "Trieste ITA"]
[Date "2012.09.05"]
[Round "6"]
[White "Egartner,W"]
[Black "Santeramo,Alessia"]
[Result "1-0"]
[WhiteElo "2132"]
[BlackElo "1866"]

1.d4 Nf6 2.Bg5 c5 3.Bxf6 gxf6 4.d5 Qb6 5.Qc1 f5 6.c3 Qh6 7.Qxh6 Bxh6 8.e3 O-O
9.Nf3 d6 10.a4 e5 11.Na3 Rd8 12.a5 Nd7 13.Nh4 Nf6 14.Bc4 e4 15.g3 Ng4 16.O-O Ne5
17.Be2 Bg5 18.Ng2 b6 19.h4 Bh6 20.axb6 axb6 21.Nc4 Ba6 22.Rxa6 Rxa6 23.Nxe5 Ra2
24.Nc6 Rd7 25.Rb1 Rb7 26.Bc4 Ra8 27.Bb5 Ra2 28.Kh2 Kf8 29.Kh3 Ra8 30.h5 Bg5
31.g4 fxg4+ 32.Kxg4 f6 33.Nf4 Bxf4 34.Kxf4 Rg7 35.Kxe4 Rg2 36.f4 Rh2 37.b4 Rxh5
38.Be2 Re8+ 39.Kf3 Rh3+ 40.Kf2 Rh2+ 41.Kf3 Rh3+ 42.Kg4 Rexe3 43.bxc5 bxc5
44.Ba6 f5+ 45.Kxf5 Rh5+ 46.Kf6 Rh6+ 47.Kg5 Reh3 48.Be2 Rg6+ 49.Kf5 Rxc3 50.Bh5 Rgg3
51.Rb7 Rb3 52.Rf7+ Kg8 53.Ne7+ Kh8 54.Kf6 Rb8 55.Nc6 Ra8 56.f5 c4 57.Nd4 c3
58.Rc7 Rd3 59.Ne6 Re3 60.Bf7 Rd3 61.Rc4 Rxd5 62.Nf4 Rxf5+ 63.Kxf5 Kg7 64.Bd5 Rf8+
65.Kg4 Kf6 66.Rxc3 Ke5 67.Re3+ Kd4 68.Re4+ Kc5 69.Rc4+ Kb5 70.Rc6 Rf6 71.Kg5 Rf8
72.Rxd6 Kc5 73.Rc6+ Kd4 74.Be6 Ke5 75.Rc5+ Kd6 76.Rd5+ Kc6 77.Rd4 Rb8 78.Kh6 Kc5
79.Rd5+ Kc6 80.Nd3 Rf8 81.Ne5+ Kc7 82.Kxh7 Rf6 83.Bg4 Rf4 84.Kg6 Kb6 85.Bf5 Rf2
86.Kf6 Rh2 87.Ke6 Rh6+ 88.Kd7 Rh2 89.Nc4+ Kb7 90.Rb5+ Ka6 91.Ra5+ Kb7 92.Be4+  1-0

[Event "40th Olympiad Women"]
[Site "Istanbul TUR"]
[Date "2012.09.06"]
[Round "9.8"]
[White "Benderac,A"]
[Black "Shvayger,Y"]
[Result "0-1"]
[WhiteElo "2266"]
[BlackElo "2202"]

1.d4 Nf6 2.Bg5 c5 3.dxc5 Qa5+ 4.c3 Qxc5 5.Bxf6 gxf6 6.e3 Nc6 7.Nd2 d6 8.Ngf3 Bg7
9.Bd3 f5 10.Qc2 e6 11.Nd4 Bd7 12.N4b3 Qb6 13.Rd1 Rc8 14.Nc4 Qc7 15.Be2 d5
16.Na3 O-O 17.h4 f4 18.Nb5 Qb8 19.Nc5 Be8 20.exf4 a6 21.Na3 Qxf4 22.Qd2 Qxd2+
23.Rxd2 d4 24.Rh3 dxc3 25.bxc3 Na5 26.Ne4 f5 27.Nd6 Rxc3 28.Rdd3 Rc1+ 29.Rd1 Rxd1+
30.Bxd1 Bc6 31.h5 Rd8 32.Ndc4 Nxc4 33.Nxc4 Kf7 34.Rb3 Bd5 35.Be2 b5  0-1

[Event "40th Olympiad Open"]
[Site "Istanbul TUR"]
[Date "2012.09.06"]
[Round "9.37"]
[White "Annaberdiev,M"]
[Black "Griffiths,R"]
[Result "1-0"]
[WhiteElo "2437"]
[BlackElo "2362"]

1.d4 Nf6 2.Bg5 d5 3.Nd2 c5 4.Bxf6 gxf6 5.dxc5 e6 6.e4 d4 7.Nb3 Nc6 8.Nf3 e5
9.Bb5 Be6 10.O-O Qd7 11.Nh4 O-O-O 12.Qd3 Rg8 13.Na5 Qc7 14.Nxc6 bxc6 15.Ba6+ Kb8
16.b4 Rg4 17.g3 Ka8 18.f3 Rg5 19.Rfb1 Rb8 20.a4 Be7 21.Kg2 h5 22.Nf5 Rgg8
23.Bc4 Qd7 24.Rb3 Rgc8 25.Rab1 Bf8 26.Kh1 Qc7 27.a5 Rd8 28.a6 Qc8 29.R3b2 Rd7
30.Qf1 Rd8 31.Bd3 Qd7 32.Qh3 Be7 33.Qh4 Rdc8 34.Kg2 Rg8 35.b5 Bxc5 36.bxc6 Qxc6
37.Qxf6 Rxb2 38.Rxb2 Qc7 39.Rb7 Qc6 40.Bb5 Qc8 41.Qxe5 Bb6 42.Rb8+  1-0